La biblioteca de los libros vacíos /
En un pueblo apacible y tranquilo se produce un extraño fenómeno: a los libros de la biblioteca se les caen las letras. ¿Por qué? ¿Cuál es el misterio? Deberán acudir a un hombre sabio para que descubra la verdad. Pero, mientras esto sucede y crece el susto, los niños del pueblo van a descubrir algo...
Guardado en:
| Autor Principal: | |
|---|---|
| Otros Autores: | |
| Formato: | Libro |
| Idioma: | Undetermined |
| Publicado: |
Buenos Aires :
Distribuidora Alberto Luongo,
2014.
|
| Edición: | 1a ed. |
| Series: | Mitad del mundo
|
| Materias: | |
| Etiquetas: |
Agregar Etiqueta
Sin Etiquetas, Sea el primero en etiquetar este registro!
|
| LEADER | 01173nam a22002295a 4500 | ||
|---|---|---|---|
| 001 | CEM.cems020992 | ||
| 008 | 240409s2014####ag############000#0#und#d | ||
| 005 | 20240409145030.0 | ||
| 245 | 1 | 0 | |a La biblioteca de los libros vacíos / |c Jordi Sierra i Fabra ; ilustrado por Eulalia Cornejo. |
| 250 | |a 1a ed. | ||
| 260 | |a Buenos Aires : |b Distribuidora Alberto Luongo, |c 2014. | ||
| 300 | |a 136 p. | ||
| 490 | 1 | |a Mitad del mundo | |
| 500 | |a Colección de aula, edición especial para el Ministerio de Educación de la Nación. | ||
| 520 | |a En un pueblo apacible y tranquilo se produce un extraño fenómeno: a los libros de la biblioteca se les caen las letras. ¿Por qué? ¿Cuál es el misterio? Deberán acudir a un hombre sabio para que descubra la verdad. Pero, mientras esto sucede y crece el susto, los niños del pueblo van a descubrir algo aún más importante que marcará su futuro para siempre. | ||
| 020 | |a 9789872903664 | ||
| 100 | 1 | |a Sierra i Fabra, Jordi. | |
| 700 | 1 | |a Cornejo, Eulalia; il. | |
| 653 | |a Literatura española | ||
| 653 | |a Literatura infantil | ||
| 653 | |a Novela infantil | ||
| 859 | |a CEMS |b BIB. CEMS - Inicial y Primaria |h 863.4 |i Si172-2 |k IP |p 5585 |t Ej.1 | ||
